| 000 | 01048nas a2200349 4500 | ||
|---|---|---|---|
| 001 | BR2014006819 | ||
| 003 | BR-BrBNA | ||
| 005 | 20231205124649.0 | ||
| 007 | ta | ||
| 008 | 230509b bl.|||p| |||| 00| 00por d | ||
| 040 |
_aBR-BrBNA _bpor _cBiblioteca Nacional de Agricultura |
||
| 041 | _a(Pt) | ||
| 072 | _aL73 | ||
| 100 | 1 | _aSilva, V.S. | |
| 100 | 1 | _aMorés, N. | |
| 100 | 1 | _aFerreira, F. | |
| 100 | 1 | _aDias, R.A. | |
| 100 | 1 | _aBalian, S. | |
| 100 | 1 | _aDutra, V. | |
| 100 | 1 | _aLeão, S.C. | |
| 100 | 1 | _aPinheiro, S.R. | |
| 100 | 1 | _aSakamoto, S.M. | |
| 100 | 1 | _aFerreira Neto, J.S. | |
| 245 | 1 | _aIdentificação dos fatores de risco associados à ocorrência de micobacterioses no sul do Brasil - Estudo caso-controle | |
| 650 | _aSUÍNO | ||
| 650 | _aDOENÇA ANIMAL | ||
| 650 | _aMICOBACTÉRIA | ||
| 650 | _aSANIDADE ANIMAL | ||
| 773 | 0 |
_tArquivos do Instituto Biológico (Brazil) _xISSN 0020-3653 _g(Jul-Dec 2001), v. 68(2) p. 19-22 _wBR2014006819 |
|
| 909 |
_a202311 _bLúcia _c55 _dLúcia Elande |
||
| 942 |
_2AGRIS _n0 _cANA |
||
| 999 |
_c240251 _d240251 |
||